| 000 | 01211cam a22003497a 4500 | ||
|---|---|---|---|
| 003 | CHAP | ||
| 005 | 20220329142116.0 | ||
| 008 | 990601d1996 mx r 00110 eng d | ||
| 010 | _a78554 | ||
| 011 | _a79526 | ||
| 035 | _a89785 | ||
| 040 | _cCHAP | ||
| 090 | _aFolleto 15401 | ||
| 100 | 0 | 0 |
_aMwangi, Wilfred. _979920 |
| 245 | 1 | 0 |
_aLow use of fertilizers and low productivity in sub-saharan Africa _c/by Wilfred Mwangii |
| 260 |
_aMéxico, D.F. : _bCentro Internacional de Mejoramiento de Maíz y Trigo, _c1996. |
||
| 300 |
_a19 p. : _btablas |
||
| 410 | 2 | 1 | _aCIMMYT. Grupo de recursos naturales |
| 490 | 0 |
_aDocumento _v; 96-05 |
|
| 590 |
_aBATCH-UPD _b10 _c20130110 _lUCH01 _h0655 |
||
| 590 |
_aBATCH-UPD _b10 _c20130410 _lUCH01 _h0340 |
||
| 590 |
_aBATCH-UPD _b10 _c20130914 _lUCH01 _h0939 |
||
| 590 |
_aCONVERSION _b10 _c20130109 _lUCH01 _h1344 |
||
| 650 | 1 | 4 |
_aFertilizantes para maíz. _940625 |
| 650 | 1 | 4 |
_aFertilizantes _xAspectos económicos _xAfrica. _940452 |
| 810 | 0 | 0 |
_aCIMMYT. Grupo de recursos naturales _923313 |
| 830 | 0 |
_aDocumento _v; 96-05 _933191 |
|
| 901 | _aBK | ||
| 905 | _aAlejandra Carrasco M. | ||
| 942 | _cFOLL | ||
| 949 |
_aFolleto 15401 _bBC _cFOLL _d897851 _eTS1 _i89785 _kDonaciØn _sb |
||
| 999 |
_c78554 _d78554 |
||